00926nam a22002777a 450000100030000000300060000300500170000900800410002601000170006702000310008404000250011504200090014005000250014908200140017410000190018824500500020725000130025726000500027030000450032052001810036552100180054652100170056465000220058165000260060365000190062995FISKH20230223092611.0230223b cb ||||| |||| 00| 0 eng d a 2008936185 a9780763634445 (alk. paper) aDLCcDLCbengdFISKH alcac00aPZ8.3.R2473bFe 200900a813.62221 aRedmond, E. S.10aFelicity Floo visits the zoo /cE.S. Redmond. a1st ed. aSomerville, Mass. :bCandlewick Press,c2009. a16 leaves of platesbcol. ill. ;c21 cm. aA little girl has the sniffles and a runny nose but no tissue and nonetheless visits and pets all the animals at the zoo, giving them something that they would rather not have.8 a600 bLexile8 aL bRaz-Plus 1aStories in rhyme. 1aZoo animalsvFiction. 1aSickvFiction.